| 000 | 00630nam a2200241Ia 4500 | ||
|---|---|---|---|
| 008 | 180523s9999 xx 000 0 und d | ||
| 020 | _a981-232-858-0 | ||
| 050 | _aMAIN F 1008 | ||
| 050 | _b.P36 2004 | ||
| 100 | _aPang, Guek-Cheng. | ||
| 245 | 0 | _aCanada / | |
| 245 | 0 | _cGuek-Cheng Pang. | |
| 260 | _aSingapore : | ||
| 260 | _bTimes Books, | ||
| 260 | _c2004 | ||
| 300 | _a144 pages : | ||
| 300 | _bcolored illustrations ; | ||
| 300 | _c23 cm. | ||
| 440 | _aCultures of the world. | ||
| 500 | _aIncludes bibliographical references and index. | ||
| 650 | _aCanda. | ||
| 650 | _xCanda -- Social life and customs. | ||
| 999 |
_c356618 _d356618 |
||